The energy policies of the industrialized world cooperation or rivalry
সংরক্ষণ করুন:
| বিন্যাস: | গ্রন্থ |
|---|---|
| ভাষা: | Undetermined |
| প্রকাশিত: |
New York
1969
|
| বিষয়গুলি: | |
| ট্যাগগুলো: |
ট্যাগ যুক্ত করুন
কোনো ট্যাগ নেই, প্রথমজন হিসাবে ট্যাগ করুন!
|
| Thư viện lưu trữ: | Trung tâm Học liệu Trường Đại học Cần Thơ |
|---|
| LEADER | 00435nam a2200145Ia 4500 | ||
|---|---|---|---|
| 001 | CTU_106962 | ||
| 008 | 210402s9999 xx 000 0 und d | ||
| 082 | |a 333.79 | ||
| 082 | |b E56 | ||
| 245 | 4 | |a The energy policies of the industrialized world cooperation or rivalry | |
| 260 | |a New York | ||
| 260 | |c 1969 | ||
| 650 | |a Energy industries,Energy policy | ||
| 904 | |i Tuyến | ||
| 980 | |a Trung tâm Học liệu Trường Đại học Cần Thơ | ||